| 000 | 00814nam a22002177a 4500 | ||
|---|---|---|---|
| 003 | BUBTL | ||
| 008 | 200114b xxu||||| |||| 00| 0 eng d | ||
| 020 | _a978-0-262-01747-3 | ||
| 082 | _a333.794/T808.s85 | ||
| 100 |
_aTester, Jefferson W. _92924 |
||
| 245 |
_aSustainable Energy / Choosing Among Options _bJefferson W. Tester, Elisabeth M.Drake and Michael J.Driscoll and Michael W. Golay and William A Peters |
||
| 250 | _a2nd | ||
| 260 |
_aLondon _bMIT Press _cc2012 |
||
| 300 |
_axxx , 1019p . : _bill . Table , (Photocopy) ; _c24cm. |
||
| 500 | _aIncludes Index | ||
| 650 |
_aE E E _92925 |
||
| 700 |
_aJefferson W. Tester, Elisabeth M.Drake and Michael J.Driscoll and Michael W. Golay and William A Peters _92926 |
||
| 856 |
_k0 _l0 _yDownload |
||
| 942 |
_2ddc _cBK |
||
| 999 |
_c6237 _d6237 |
||